| 000 | 00383nam a2200169Ia 4500 | ||
|---|---|---|---|
| 005 | 20250310055616.0 | ||
| 008 | 240331s9999 xx 000 0 und d | ||
| 020 | _a70303267 | ||
| 082 |
_bAYI _a891 |
||
| 100 | _aAyithmathaw,C | ||
| 245 | 0 | _aGuru geethaya | |
| 250 | _a2nd | ||
| 260 |
_aMoscow _bRaibow publishers _c1983 |
||
| 300 | _a119 p ., | ||
| 650 | _aLove story | ||
| 942 | _cL | ||
| 999 |
_c4837 _d4837 |
||